000 01297nam a2200277 a 4500
001 000331573
003 AM-YEHGA
005 20250618072058.0
008 040505s2004 ai r 000 0 rus d
020 _a9994190725
040 _aAM-YeHGA
041 0 _arus
100 1 _aՍաղաթելյան, Արմեն Կառլենի,
_d1953-
_91242
245 1 0 _aОсобенности распределения тяжелых металлов на территории Армении /
_cА.К. Сагателян ; НАН РА, Центр эколого-ноосферных исслед.
246 3 5 _aԾանր մետաղների առանձնահատկությունները Հայաստանի տարածքում
246 3 5 _aThe Peculiarities of Heavy Metals Distribution on Armenia's Territory
260 _aЕреван :
_bБ/и,
_c2004.
300 _a158 с. :
_bкарты, табл. ;
_c25 см.
500 _aСписок рис.: с. 148-151
500 _aСписок табл.: с. 152-154
504 _aБиблиогр. 108 наим.
650 1 4 _aГеология
_xТяжелые металлы
_zАрмения
650 1 4 _aОкружающая среда
710 2 _aЦентр эколого-ноосферных исследований НАН РА
090 _c125658
999 _c124303
_d124303